| 000 | 00705nam a22001697a 4500 | ||
|---|---|---|---|
| 003 | BD-DhUL | ||
| 005 | 20160904150935.0 | ||
| 008 | 160904b xxu||||| |||| 00| 0 eng d | ||
| 040 | _cBD-DhUL | ||
| 082 |
_a944.04 _bCHF |
||
| 100 | _aচক্রবর্তী, সুদেষ্ণা | ||
| 245 |
_aফরাসী বিপ্লবে নিম্নবর্গের মানুষ ও অন্যান্য প্রবন্ধ / _cচক্রবর্তী, সুদেষ্ণা |
||
| 260 |
_aকলকাতা : _bপ্রগ্রেসিভ, _c২০০২. |
||
| 300 |
_a২৬০ পৃ. ; _c২২ সেমি. |
||
| 650 |
_aইতিহাস _vHistory |
||
| 942 |
_2ddc _cBK |
||
| 999 |
_c103931 _d103931 |
||